Score 0/15 Timer 04:00
3 Plays Today
% Correct
Brooklyn Nine-Nine
95.8%
Parks and Recreation
95.1%
Scrubs
92.8%
The Office
89.5%
30 Rock
87.7%
2 Broke Girls
86.7%
It's Always Sunny in Philadelphia
79.9%
Ugly Betty
70.5%
% Correct
Veep
51.8%
The IT Crowd
41.7%
Silicon Valley
37.8%
Workaholics
34.4%
The Mindy Project
33.8%
9 to 5
30%
Getting On
27.9%
Remove Ads.
Support Sporcle.
Get the best of Sporcle when you Go Orange. This ad-free experience offers more features, more stats, and more fun while also helping to support Sporcle. Thank you for becoming a member.

You're not logged in!

Compare scores with friends on all Sporcle quizzes.
OR
Log In

Show Comments

Extras

Top Quizzes Today


Score Distribution

Your Account Isn't Verified!

In order to create a playlist on Sporcle, you need to verify the email address you used during registration. Go to your Sporcle Settings to finish the process.

Report this User

Report this user for behavior that violates our Community Guidelines.

Details: